Luật tác động và ứng dụng trong lý thuyết nhóm và số học

Nghiên cứu luật tác động của một nhóm lên một tập hợp và luật tác động của một nhóm lên một nhóm, đồng thời đưa ra các ứng dụng thú vị trong lý thuyết nhóm và số học

সংরক্ষণ করুন:
গ্রন্থ-পঞ্জীর বিবরন
প্রধান লেখক: Trần Thị Thu Hiền
অন্যান্য লেখক: Trần Đạo Dõng PGS.TS (Hướng dẫn)
বিন্যাস: গ্রন্থ
ভাষা:Vietnamese
প্রকাশিত: Đà Nẵng Đại học Đà Nẵng 2015
বিষয়গুলি:
ট্যাগগুলো: ট্যাগ যুক্ত করুন
কোনো ট্যাগ নেই, প্রথমজন হিসাবে ট্যাগ করুন!
Thư viện lưu trữ: Mạng thư viện Đại học Đà Nẵng
LEADER 01723nam a2200361 4500
001 000020201
003 16646
005 20150317100354.0
008 150309s2015 viesd
041 |a vie 
082 1 4 |a 512.2  |b TR-H 
100 1 |a Trần Thị Thu Hiền 
245 1 |a Luật tác động và ứng dụng trong lý thuyết nhóm và số học  |c Trần Thị Thu Hiền ; Trần Đạo Dõng hướng dẫn.  |k Luận văn Thạc sĩ 
260 |a Đà Nẵng  |b Đại học Đà Nẵng  |c 2015 
300 |a 58 tr., phụ lục 3 tr.  |c 29 cm.  |e Tóm tắt 
500 |a Luận văn thạc sĩ Khoa học. Chuyên ngành: Phương pháp toán sơ cấp. Mã số: 60.46.40. 
520 3 |a Nghiên cứu luật tác động của một nhóm lên một tập hợp và luật tác động của một nhóm lên một nhóm, đồng thời đưa ra các ứng dụng thú vị trong lý thuyết nhóm và số học 
650 0 4 |a Luật tác động (Số học)  |v Luận văn tốt nghiệp  |x Ứng dụng trong lý thuyết nhóm và số học 
653 |a Luật tác động 
653 |a Số học 
653 |a Nguyên lý Dirichlet 
653 |a Lý thuyết nhóm 
700 1 |a Trần Đạo Dõng  |c PGS.TS  |e Hướng dẫn 
OWN |a LSP 
AVA |a UDN50  |b LSP  |d 512.2 TR-H  |e available  |t Error 5001 Not defined in file expand_doc_bib_avail.  |f 1  |g 0  |h N  |i 0  |k 1 
999 |a From the UDN01 
AVA |a UDN50  |b LSP  |d 512.2 TR-H  |e available  |t Error 5001 Not defined in file expand_doc_bib_avail.  |f 1  |g 0  |h N  |i 0  |k 1 
TYP |a Monograph 
TYP |a Printed language 
980 |a Mạng thư viện Đại học Đà Nẵng